Football Féminin : Les joueuses passées par VfL Wolfsburg - Statistiques

Statistiques générales
  • Ce quiz a été pris 24 fois
  • Le résultat moyen est 6 sur 13
Answers on the Grid
Answers color-coded by a green-red scale on the quiz's grid according to % correct below.
Pernille Harder
Mary Earps
Laura Georges
Saki Kumagai
Alexandra Popp
Shanice Van de Sanden
Georgia Stanway
Fatmire Alushi
Elise Bussaglia
Lena Oberdorf
Debinha
Kyra Cooney-Cross
Sara Björk Gunnarsdóttir
Ona Batlle
Nilla Fischer
Caitlin Foord
Stephanie Labbé
Ramona Bachmann
Sara Doorsoun
Ali Krieger
Nadine Kessler
Fridolina Rolfö
Ada Hegerberg
Caroline Graham Hansen
 
Statistiques - réponses
Réponse % Correct
Alexandra Popp
88%
Lena Oberdorf
71%
Pernille Harder
65%
Caroline Graham Hansen
59%
Fridolina Rolfö
59%
Mary Earps
41%
Sara Björk Gunnarsdóttir
41%
Shanice Van de Sanden
35%
Elise Bussaglia
29%
Sara Doorsoun
29%
Nilla Fischer
24%
Ramona Bachmann
24%
Nadine Kessler
18%
Aucun quiz correspondant
Distribution des résultats
% des personnes avec chaque résultat
Percentile par nombre de réponses
Votre historique - résultats
Vous n’avez pas pris ce quiz